MARC

LEADER 00000nab a2200000 a 4500
001 vtls010120347
003 SK-MaSNL
005 20260304214528.0
008 180907 2010 xo e 000 0 slo
038 |a PPPK 
040 |a PPPKCL  |b slo  |c PPPK  |e AACR2 
041 0 |a slo 
044 |a xo  |c SK 
080 |a 625.7/.8  |2 2001 
080 |a 625.76  |2 2001 
245 0 0 |a Krajskí poslanci schválili financie na opravu prepadnutej cesty  |c [text a foto] (luci) 
300 |b Fotogr. 
610 1 7 |a Prešovský samosprávny kraj (Slovensko).  |b Úrad  |2 pppkcl  |9 158655 
650 0 7 |a pozemné komunikácie  |2 pppkcl  |9 3578 
650 0 7 |a opravy a údržba pozemných komunikácií  |2 pppkcl  |9 57565 
651 7 |a Vysoké Tatry (Poľsko a Slovensko : pohorie)  |2 SNKPHgeo  |9 67729 
651 7 |a Vyšné Hágy (Vysoké Tatry, Slovensko)  |2 pppkcl  |9 56651 
651 7 |a Štrbské Pleso (Štrba, Slovensko)  |2 pppkcl  |9 174790 
651 7 |a Poprad (Slovensko : okres)  |2 pppkcl  |9 28675 
773 0 |t Tatranský dvojtýždenník  |g Roč. XXI, č. 13 (2010), s. 2 
852 |a PPPK  |b KIS3GCP 
999 |c 3141836  |d 3143766